Top 20 best Uruguayan football players of all time - Statistics

General Stats
  • This quiz has been taken 209 times
  • The average score is 9 of 20
Answer Stats
Hint Answer % Correct
Striker, Barcelona, Liverpool, Champions League 2015 Luis Suárez
99%
Striker, PSG, Napoli, Copa America 2011 Edinson Cavani
98%
Forward, Atletico Madrid, Villarreal, Europa League 2010 Diego Forlán
96%
Defender, Atletico Madrid, 2 Europa League Diego Godín
96%
Forward of 1980s/1990s, River Plate, Cagliari Enzo Francescoli
48%
Forward, Inter Milan, UEFA Cup 1998 Álvaro Recoba
46%
Midfielder, Penarol, AC Milan, World Cup 1950 Juan Alberto Schiaffino
45%
Midfielder, Penarol, World Cup 1950 Obdulio Varela
39%
Midfielder, Nacional, World Cup 1930 José Leandro Andrade
36%
Winger, Penarol, Roma, World Cup 1950 Alcides Ghiggia
35%
Defender of 1990s/2000s, Juventus, 4 Serie A titles Paolo Montero
35%
Striker, Nacional, Inter Milan, World Cup 1930 Héctor Scarone
31%
Defender, captain of Uruguay in World Cup 1930 José Nasazzi
31%
Goalkeeper, Penarol, Copa America 1967 Ladislao Mazurkiewicz
27%
Striker, Penarol, Valencia, Copa America 1983 Fernando Morena
22%
Striker, Nacional, World Cup 1930 Héctor Castro
22%
Striker, Nacional, Fiorentina, World Cup 1930 Pedro Petrone
21%
Midfielder/Forward, Penarol, Sao Paulo, Copa America 1967 Pedro Rocha
21%
Midfielder of 1960s/1970s, River Plate, Nacional Luis Cubilla
17%
Striker of 1910s/1920s, Nacional, 6 Copa America Ángel Romano
15%
No matching quizzes found
Score Distribution
Percent of People with Each Score
Percentile by Number Answered
Your Score History
You have not taken this quiz